Bestiaire Hogwarts Legacy - Statistiques

Statistiques générales
  • Ce quiz a été pris 102 fois
  • Le résultat moyen est 9 sur 13
Statistiques - réponses
Par images Réponse % Correct
Licorne
97%
Niffleur
91%
Sombral
91%
Boursouf
84%
Phénix
84%
Hippogriffe
76%
Veaudelune
76%
Fléreur
69%
Dirico
61%
Grapcorne
56%
Jobarbille
54%
Focifère
53%
Crapaud violet géant
40%
Aucun quiz correspondant
Distribution des résultats
% des personnes avec chaque résultat
Percentile par nombre de réponses
Votre historique - résultats
Vous n’avez pas pris ce quiz